|
|
|
|
| LEADER |
00000nam0a2200000 4500 |
| 001 |
219401 |
| 005 |
20231101230246.0 |
| 010 |
|
|
|a 9785819905227
|
| 035 |
|
|
|a (RuTPU)RU\TPU\book\239453
|
| 090 |
|
|
|a 219401
|
| 100 |
|
|
|a 20120705d2012 km y0rusy50 ca
|
| 101 |
0 |
|
|a rus
|
| 102 |
|
|
|a RU
|
| 105 |
|
|
|a a z 000zy
|
| 200 |
1 |
|
|a Китай глазами российских друзей
|e [сборник]
|f Общество российско-китайской дружбы (ОРКД)
|
| 210 |
|
|
|a Москва
|c Форум
|d 2012
|
| 215 |
|
|
|a 239 с.
|c ил.
|
| 330 |
|
|
|a Эта книга — сборник очерков о Китае известных российских ученых, журналистов, общественных деятелей, дипломатов, писателей и переводчиков. Все они в разное время посещали Китай, работали и учились в Китае, но объединяет их большее: судьба каждого автора неразрывно связана с этой великой страной, с ее прошлым, настоящим и будущим. Книга написана людьми неравнодушными и симпатизирую щими Китайской Народной Республике, теми, кто знает и любит китайский народ, его культуру, традиции, кто осознает, сколь труден был и есть путь развития в современном мире, и верит, что Китай достойно ответит на все вызовы и преодолеет все преграды. Надеемся, что книга будет интересна и старшему поколению, которое помнит о тесном сотрудничестве советского и китайского народов с момента образования КНР в 1949 году, и молодежи, которой предстоит продолжать и укреплять славные традиции многолетней дружбы наших стран, с тем, чтобы с полным правом и уверенностью утверждать: «Всегда друзья, никогда враги».
|
| 606 |
1 |
|
|a Китай
|x История
|z 1911-
|2 stltpush
|3 (RuTPU)RU\TPU\subj\69138
|9 84107
|
| 610 |
1 |
|
|a культура
|
| 610 |
1 |
|
|a политика
|
| 610 |
1 |
|
|a экономика
|
| 610 |
1 |
|
|a международные отношения
|
| 610 |
1 |
|
|a 20 век
|
| 610 |
1 |
|
|a Китайская Народная Республика
|
| 610 |
1 |
|
|a традиции
|
| 686 |
|
|
|a Т3(5Кит)6
|v LBC/SL-A
|2 rubbk
|
| 712 |
0 |
2 |
|a Общество российско-китайской дружбы (ОРКД)
|c (Москва)
|2 stltpush
|3 (RuTPU)RU\TPU\col\18218
|
| 801 |
|
1 |
|a RU
|b 63413507
|c 20120705
|
| 801 |
|
2 |
|a RU
|b 63413507
|c 20121015
|g RCR
|
| 942 |
|
|
|c BK
|
| 959 |
|
|
|a 82/20120524
|d 1
|e 495,00
|f ЧЗГЛ:1
|